| 000 | 00379nam a2200121 4500 | ||
|---|---|---|---|
| 999 |
_c11143 _d11143 |
||
| 008 | 181012b ||||| |||| 00| 0 eng d | ||
| 100 |
_932183 _aAning, Jerome |
||
| 245 |
_aBoracay, Cebu, Palawan top list of best islands outside US/ _cJerome Aning |
||
| 260 |
_aPhilippines _bPhilippine Daily Inquirer _cc2017 |
||
| 300 | _apage A3. | ||
| 650 | 0 |
_932184 _aTourism. |
|
| 942 |
_2ddc _cPER |
||